|
|
|
|
| LEADER |
03047nam a2200697 i 4500 |
| 001 |
nkc20183002286 |
| 003 |
CZ PrNK |
| 005 |
20190312111228.0 |
| 007 |
ta |
| 008 |
180710s2018 xr ah f 000 0 cze |
| 015 |
|
|
|a cnb003002286
|
| 020 |
|
|
|a 978-80-7530-117-8
|q (vázáno)
|
| 035 |
|
|
|a (OCoLC)1051235062
|
| 040 |
|
|
|a ABA001
|b cze
|e rda
|
| 041 |
1 |
|
|a cze
|a lat
|h ger
|h lat
|
| 072 |
|
7 |
|a 122/129
|x Speciální metafyzika
|2 Konspekt
|9 5
|
| 080 |
|
|
|a 113/119
|2 MRF
|
| 080 |
|
|
|a 5:1
|2 MRF
|
| 080 |
|
|
|a 5(091)
|2 MRF
|
| 080 |
|
|
|a 001.11
|2 MRF
|
| 080 |
|
|
|a 159.961-022.358
|2 MRF
|
| 080 |
|
|
|a 159.964.21
|2 MRF
|
| 080 |
|
|
|a 2-12/-17-264-027.14
|2 MRF
|
| 080 |
|
|
|a (048.8)
|2 MRF
|
| 100 |
1 |
|
|a Jung, Carl Gustav,
|d 1875-1961
|7 jn19990004107
|4 aut
|
| 245 |
1 |
0 |
|a Příroda a duše /
|c C.G. Jung, Wolfgang Pauli
|
| 250 |
|
|
|a Vydání první
|
| 264 |
|
1 |
|a Praha :
|b Malvern,
|c 2018
|
| 300 |
|
|
|a 197 stran :
|b ilustrace, faksimile ;
|c 20 cm
|
| 336 |
|
|
|a text
|b txt
|2 rdacontent
|
| 337 |
|
|
|a bez média
|b n
|2 rdamedia
|
| 338 |
|
|
|a svazek
|b nc
|2 rdacarrier
|
| 500 |
|
|
|a Přeloženo z němčiny
|
| 504 |
|
|
|a Obsahuje bibliografické odkazy
|
| 505 |
0 |
|
|a Synchronicita jako princip nepříčinných souvislostí / C.G. Jung ; přeložil Petr Babka -- Věda a myšlení Západu / Wolfgang Pauli ; přeložil Ondřej Lebeda -- Vliv archetypických představ na tvorbu přírodovědeckých teorií u Keplera / Wolfgang Pauli ; přeložil Ondřej Lebeda
|
| 546 |
|
|
|a Částečně souběžný latinský text
|
| 650 |
0 |
7 |
|a filozofie přírody
|7 ph131774
|2 czenas
|
| 650 |
0 |
7 |
|a filozofie přírodních věd
|7 ph560337
|2 czenas
|
| 650 |
0 |
7 |
|a dějiny přírodních věd
|7 ph484316
|2 czenas
|
| 650 |
0 |
7 |
|a filozofie vědy
|7 ph114547
|2 czenas
|
| 650 |
0 |
7 |
|a synchronicita
|7 ph126362
|2 czenas
|
| 650 |
0 |
7 |
|a archetypy
|7 ph118505
|2 czenas
|
| 650 |
0 |
9 |
|a philosophy of nature
|2 eczenas
|
| 650 |
0 |
9 |
|a philosophy of science
|2 eczenas
|
| 650 |
0 |
9 |
|a history of natural sciences
|2 eczenas
|
| 650 |
0 |
9 |
|a philosophy of science
|2 eczenas
|
| 650 |
0 |
9 |
|a synchronicity
|2 eczenas
|
| 650 |
0 |
9 |
|a archetypes
|2 eczenas
|
| 655 |
|
7 |
|a studie
|7 fd133597
|2 czenas
|
| 655 |
|
9 |
|a studies
|2 eczenas
|
| 700 |
1 |
|
|a Babka, Petr,
|d 1967-
|7 jx20071016007
|4 trl
|
| 700 |
1 |
|
|a Lebeda, Ondřej
|4 trl
|
| 700 |
1 |
2 |
|a Jung, Carl Gustav,
|d 1875-1961.
|t Synchronizität als ein Prinzip akausaler Zusammenhänge.
|l Česky
|7 aun20181000351
|
| 700 |
1 |
2 |
|a Pauli, Wolfgang,
|d 1900-1958.
|t Wissenschaft und das abendländische Denken.
|l Česky
|7 aun20181000358
|
| 700 |
1 |
2 |
|a Pauli, Wolfgang,
|d 1900-1958.
|t Einfluss archetypischer Vorstellungen auf die Bildung naturwissenschaftlicher Theorien bei Kepler.
|l Česky
|7 aun20181000353
|
| 765 |
0 |
8 |
|i Souborný název originálu:
|t Naturerklärung und Psyche
|9 Česky
|
| 910 |
2 |
|
|a BOA001
|b 1-1417.000
|
| 990 |
|
|
|a BK
|
| 995 |
|
|
|a 01
|
| 996 |
6 |
|
|b 2610759426
|c 1-1417.000
|l MZK
|r Sklad / do 1 hodiny
|n 2
|p p.v.
|w 001691319
|u 000010
|a 1
|e BOA001
|j MZK50
|s P
|
| 996 |
7 |
|
|b 2610760910
|c 1-1417.000
|l Vol.výběr
|r VV 0p
|n 21
|p kup
|h 122/129 JUN
|w 001691319
|u 000020
|a 0
|e BOA001
|j MZK50
|s A
|